Review of advances in plant biotechnology, 1985-88
Đã lưu trong:
| Hovedforfatter: | |
|---|---|
| Format: | Bog |
| Sprog: | Undetermined |
| Udgivet: |
Manila
IRRI
1989
|
| Fag: | |
| Tags: |
Tilføj Tag
Ingen Tags, Vær først til at tagge denne postø!
|
| Thư viện lưu trữ: | Trung tâm Học liệu Trường Đại học Cần Thơ |
|---|
| LEADER | 00469nam a2200181Ia 4500 | ||
|---|---|---|---|
| 001 | CTU_29977 | ||
| 008 | 210402s9999 xx 000 0 und d | ||
| 082 | |a 581.15 | ||
| 082 | |b R449 | ||
| 100 | |a IRRI | ||
| 245 | 0 | |a Review of advances in plant biotechnology, 1985-88 | |
| 245 | 0 | |c IRRI | |
| 260 | |a Manila | ||
| 260 | |b IRRI | ||
| 260 | |c 1989 | ||
| 650 | |a plant biotechnology | ||
| 904 | |i Liên, 990121 | ||
| 980 | |a Trung tâm Học liệu Trường Đại học Cần Thơ | ||